El estado mundial de la pesca y la acuicultura 1998
Saved in:
| Institution som forfatter: | |
|---|---|
| Format: | Bog |
| Sprog: | spansk |
| Udgivet: |
Roma
FAO
1999
|
| Udgivelse: | 1a. ed |
| Fag: | |
| Tags: |
Tilføj Tag
Ingen Tags, Vær først til at tagge denne postø!
|
MARC
| LEADER | 00000nam a2200000 a 4500 | ||
|---|---|---|---|
| 001 | UCK1758 | ||
| 003 | CL-VaPUC | ||
| 008 | 041126e19990000IT |||||||||||||||||spa|d | ||
| 020 | |a 9253041870 | ||
| 082 | 0 | 4 | |a 639.2 |b FAO |2 21 |
| 110 | 2 | |a FAO |e author |9 489621 | |
| 245 | 1 | 3 | |a El estado mundial de la pesca y la acuicultura 1998 |
| 250 | |a 1a. ed | ||
| 300 | |a 112 p | ||
| 942 | |c BK | ||
| 945 | |d 20041126 00:00:00 |a cmena | ||
| 260 | |a Roma |b FAO |c 1999 | ||
| 650 | 7 | |a PESCA COMERCIAL |2 CL-VaPUC |9 489622 | |
| 650 | 0 | |a Acuicultura |9 258883 | |
| 650 | 7 | |a PRODUCCION PESQUERA |2 CL-VaPUC |9 407660 | |
| 650 | 0 | |a Recursos pesqueros |9 255431 | |
| 583 | |a last modification |c 20041126 00:00:00 |k Rodrigo Vera | ||
| 999 | |c 311571 |d 311569 | ||